[Event "WA Class Championship"]
[Site "Lynnwood, WA"]
[Date "????.??.??"]
[Round "6"]
[White "Varner, Murlin"]
[Black "Min, Ryan"]
[Result "0-1"]
[WhiteElo "1549"]
[BlackElo "1339"]
[PlyCount "104"]
[SourceDate "2017.12.11"]
[SourceVersionDate "2017.12.11"]

1. c4 e5 2. g3 Nf6 3. Bg2 Nc6 4. Nc3 d6 5. d3 Be6 6. Nf3 Be7 7. O-O O-O 8. e4
Bg4 9. Qc2 Bxf3 10. Bxf3 Nd4 11. Qd1 c5 12. Bg2 Qd7 13. Ne2 Rfc8 14. Nxd4 cxd4
15. b3 h6 16. f4 b5 17. f5 bxc4 18. bxc4 Rab8 19. h4 Rb7 20. g4 Nh7 21. g5 hxg5
22. hxg5 Nxg5 23. Qh5 f6 24. Bxg5 fxg5 25. Bh3 Qe8 26. Qg4 Rcb8 27. Qg3 Qh5 28.
f6 Bxf6 29. Qh2 g4 30. Bg2 Qxh2+ 31. Kxh2 Rb2 32. Kg3 Rd2 33. Rfd1 Rxd1 34.
Rxd1 Rb2 35. Ra1 Bh4+ 36. Kxg4 Rxg2+ 37. Kxh4 Rd2 38. Kg5 Rxd3 39. Rb1 Rg3+ 40.
Kf5 g6+ 41. Kf6 d3 42. Rb8+ Kh7 43. Rb7+ Kh6 44. Rb1 Kh5 45. Ke6 d2 46. Rd1 Rd3
47. c5 dxc5 48. Kxe5 c4 49. Kf4 g5+ 50. Kf5 Kh4 51. e5 c3 52. Ke4 c2 0-1

[Event "WA Class Championship"]
[Site "Lynnwood, WA"]
[Date "????.??.??"]
[Round "5"]
[White "Pupols, Viktors"]
[Black "Kalina, Chris"]
[Result "1-0"]
[WhiteElo "2200"]
[BlackElo "2016"]
[PlyCount "87"]
[SourceDate "2017.12.11"]
[SourceVersionDate "2017.12.11"]

1. d4 d5 2. c4 c6 3. Nf3 Nf6 4. Nc3 e6 5. Bg5 dxc4 6. e4 b5 7. e5 h6 8. Bh4 g5
9. exf6 gxh4 10. Ne5 Qxf6 11. Be2 Bb7 12. Bh5 Rh7 13. Bf3 Bb4 14. O-O Bxc3 15.
bxc3 Qe7 16. a4 a6 17. Re1 Qc7 18. Be4 Rg7 19. Qh5 Nd7 20. Qxh6 Rg8 21. Qxh4
Nxe5 22. dxe5 Qe7 23. Qf4 O-O-O 24. g3 Qc7 25. Qf3 Kb8 26. h4 Rd2 27. Qf4 Rd7
28. Qf3 Rd2 29. h5 Rgd8 30. h6 R2d3 31. Bxd3 cxd3 32. Qe3 c5 33. axb5 axb5 34.
f3 f5 35. Kf2 Qc6 36. h7 c4 37. Rh1 Rh8 38. Rh4 Qd7 39. Qa7+ Kc8 40. Qc5+ Kb8
41. Qd6+ Kc8 42. Qxd7+ Kxd7 43. Ke3 Ke7 44. Rh6 1-0

[Event "WA Class Championship"]
[Site "Lynnwood, WA"]
[Date "????.??.??"]
[Round "4"]
[White "Breckenridge, Steven"]
[Black "Feng, Roland"]
[Result "1-0"]
[WhiteElo "2413"]
[BlackElo "2471"]
[PlyCount "141"]
[SourceDate "2017.12.11"]
[SourceVersionDate "2017.12.11"]

1. e4 e6 2. d4 d5 3. exd5 exd5 4. Nf3 Nf6 5. Bd3 Bd6 6. Qe2+ Qe7 7. Qxe7+ Kxe7
8. O-O Re8 9. c4 dxc4 10. Bxc4 Kf8 11. Nc3 a6 12. Bg5 Bg4 13. Bxf6 gxf6 14. Nd5
Bxf3 15. gxf3 Nd7 16. Bd3 c6 17. Ne3 h5 18. Nf5 Bf4 19. Kh1 Rad8 20. Be4 Nb6
21. Rg1 Nc4 22. Ng7 Rxd4 23. Bh7 Re5 24. Nf5 Rxf5 25. Rg8+ Ke7 26. Bxf5 Nd6 27.
Re1+ Be5 28. Bh3 Rh4 29. Kg2 a5 30. a3 a4 31. Rh8 Nc4 32. Rb8 b5 33. Rc8 Nxb2
34. Rxc6 Nd3 35. Rc7+ Kf8 36. Rc8+ Kg7 37. Rg1 Bf4 38. Bf5 Ne5 39. h3 Bg5 40.
Rd1 Rc4 41. Rb8 Nxf3 42. Kxf3 Rf4+ 43. Kg2 Rxf5 44. Rdd8 Bh4 45. Rh8 Rg5+ 46.
Kf3 f5 47. Rhg8+ Kh6 48. Rxg5 Bxg5 49. Rb6+ Kg7 50. Rxb5 Bc1 51. Rxf5 Kg6 52.
Ra5 Bxa3 53. Rxa4 Bc1 54. Ra5 Bb2 55. Ke4 Bc3 56. Rc5 Bb2 57. f4 Bf6 58. Rc6
Kg7 59. Kf5 Bh4 60. Rc8 Be7 61. Ra8 Bh4 62. Re8 Kh7 63. Re2 Kg7 64. Rg2+ Kf8
65. Rg5 Bxg5 66. Kxg5 Kg7 67. h4 Kh7 68. Kxh5 f6 69. Kg4 Kg6 70. h5+ Kh6 71.
Kf5 1-0

[Event "WA Class Championship"]
[Site "Lynnwood, WA"]
[Date "????.??.??"]
[Round "4"]
[White "Du, Shuhan"]
[Black "Hosford, Michael"]
[Result "1-0"]
[WhiteElo "1849"]
[BlackElo "1927"]
[PlyCount "139"]
[SourceDate "2017.12.12"]
[SourceVersionDate "2017.12.12"]

1. d4 Nf6 2. c4 Nc6 3. Nc3 e5 4. d5 Ne7 5. e4 Ng6 6. a3 Bc5 7. Be2 d6 8. Nf3
O-O 9. b4 Bb6 10. O-O a5 11. Bb2 Nf4 12. Ne1 Nxe2+ 13. Qxe2 Bg4 14. Qc2 axb4
15. axb4 Rxa1 16. Bxa1 Bd4 17. Kh1 Bh5 18. f3 Bg6 19. Nd3 c6 20. Ne2 Bxa1 21.
Rxa1 cxd5 22. cxd5 Qd7 23. Rc1 Qb5 24. Nc3 Qc4 25. Qd2 Qd4 26. Nb5 Qb6 27. Na3
Qa6 28. Nc4 h6 29. Ndb2 Rc8 30. Qe1 Ra8 31. Na5 Ne8 32. Nbc4 Qb5 33. Qc3 Rc8
34. Nb3 Kh7 35. Na3 Rxc3 36. Nxb5 Rxb3 37. h3 Rxb4 38. Na3 f6 39. Rc8 Rb3 40.
Nc4 b5 41. Nb6 Rb1+ 42. Kh2 b4 43. Nd7 Kg8 44. Rb8 b3 45. Nb6 Kh7 46. Nd7 Kg8
47. Nb6 b2 48. Nc4 Rc1 49. Nxb2 Rb1 50. g4 Bf7 51. h4 g6 52. Kg3 Kg7 53. Rb7 f5
54. Rb6 fxe4 55. fxe4 Nf6 56. Kf3 h5 57. g5 Ng4 58. Nc4 Rxb6 59. Nxb6 Kf8 60.
Nc8 Ke8 61. Nxd6+ Ke7 62. Nc4 Kd7 63. Ke2 Kc7 64. Kd3 Kd7 65. Kc3 Nh2 66. Nxe5+
Ke7 67. d6+ Kxd6 68. Nxf7+ Ke6 69. Nh8 Nf3 70. Nxg6 1-0

[Event "WA Class Championship"]
[Site "Lynnwood, WA"]
[Date "????.??.??"]
[Round "4"]
[White "Baxter, Brent"]
[Black "Watts, Peter"]
[Result "1-0"]
[WhiteElo "1928"]
[BlackElo "1990"]
[PlyCount "76"]
[SourceDate "2017.12.12"]
[SourceVersionDate "2017.12.12"]

1. b3 e5 2. Bb2 d6 3. e3 Nd7 4. c4 g6 5. d4 Bg7 6. dxe5 dxe5 7. Nc3 Ne7 8. Nf3
O-O 9. Qc2 Nc5 10. Rd1 Bf5 11. e4 Bd7 12. Nd5 c6 13. Nxe7+ Qxe7 14. Ba3 Rad8
15. Be2 Nd3+ 16. Rxd3 Qxa3 17. Qd2 Qe7 18. O-O Be6 19. Rd1 Rxd3 20. Qxd3 f5 21.
Qd6 Qxd6 22. Rxd6 Bc8 23. c5 Bf6 24. b4 fxe4 25. Ne1 Bh4 26. g3 Be7 27. Bc4+
Kg7 28. Rd2 Bg4 29. Ng2 b6 30. Ne3 Bc8 31. cxb6 axb6 32. b5 cxb5 33. Bxb5 Bc5
34. h4 Bxe3 35. fxe3 Rf3 36. Kg2 Rxe3 37. Rd5 Ra3 38. Bc4 Be6 1-0

[Event "WA Class Championship"]
[Site "Lynnwood, WA"]
[Date "????.??.??"]
[Round "3"]
[White "Watts, Peter"]
[Black "Campbell, Tim"]
[Result "1-0"]
[WhiteElo "1990"]
[BlackElo "1757"]
[PlyCount "77"]
[SourceDate "2017.12.12"]
[SourceVersionDate "2017.12.12"]

1. d4 d5 2. Nf3 Nf6 3. e3 e6 4. Bd3 Nbd7 5. Nbd2 c5 6. b3 Be7 7. Bb2 O-O 8. O-O
cxd4 9. exd4 Nb6 10. Ne5 Bd7 11. f4 Nc8 12. Qf3 Nd6 13. g4 h6 14. Rae1 Rc8 15.
Qh3 Nfe4 16. Bxe4 Nxe4 17. Nxe4 dxe4 18. c4 f5 19. gxf5 exf5 20. Nxd7 Qxd7 21.
Rxe4 Bf6 22. Re5 Bxe5 23. fxe5 Qe6 24. d5 Qb6+ 25. Rf2 Qa5 26. Bc3 Qa3 27. Qe3
f4 28. Qd2 Qe7 29. e6 f3 30. Bb4 Qh4 31. Bxf8 Qg4+ 32. Kh1 Qe4 33. Ba3 Rc5 34.
Bc1 b5 35. Qe3 Qb1 36. e7 Rc8 37. e8=Q+ Rxe8 38. Qxe8+ Kh7 39. Qe3 1-0

[Event "WA Class Championship"]
[Site "Lynnwood, WA"]
[Date "????.??.??"]
[Round "1"]
[White "Thiruchelvam, Thirunavukkarasu"]
[Black "Agaian, Varuzhan"]
[Result "1-0"]
[WhiteElo "695"]
[BlackElo "626"]
[PlyCount "59"]
[SourceDate "2017.12.12"]
[SourceVersionDate "2017.12.12"]

1. e4 d5 2. exd5 Qxd5 3. Nc3 Qa5 4. Nf3 Nf6 5. d4 Bg4 6. Be2 e6 7. h3 Bh5 8.
Bd2 Bb4 9. Ne5 g6 10. Bxh5 Nxh5 11. Qf3 O-O 12. O-O Bd6 13. Bh6 Ng7 14. Qf6 Ne8
15. Qf4 Ng7 16. Ne4 f5 17. Ng5 Bxe5 18. Qxe5 Qxe5 19. dxe5 Re8 20. Rad1 Nc6 21.
Rd7 Re7 22. Rxe7 Nxe7 23. Bxg7 Kxg7 24. Nxe6+ Kg8 25. Rd1 Nc6 26. f4 Re8 27.
Nxc7 Rd8 28. Nd5 Nb4 29. Nf6+ Kf8 30. Rxd8+ 1-0

[Event "WA Class Championship"]
[Site "Lynnwood, WA"]
[Date "????.??.??"]
[Round "1"]
[White "Watts, Peter"]
[Black "Mayer, Jacob"]
[Result "1-0"]
[WhiteElo "1990"]
[BlackElo "1766"]
[PlyCount "30"]
[SourceDate "2017.12.12"]
[SourceVersionDate "2017.12.12"]

1. d4 Nf6 2. Nf3 g6 3. g3 Bg7 4. Bg2 d6 5. O-O O-O 6. b3 c5 7. Bb2 Nc6 8. d5
Nb8 9. c4 a6 10. a4 h5 11. Nbd2 e5 12. dxe6 fxe6 13. Qc2 Qe8 14. Nh4 Kh7 15.
Ne4 Bh8 1-0

[Event "WA Class Championship"]
[Site "Lynnwood, WA"]
[Date "????.??.??"]
[Round "2"]
[White "Fagundes, Frank"]
[Black "Charleston, Scott"]
[Result "1-0"]
[WhiteElo "1722"]
[BlackElo "1673"]
[PlyCount "68"]
[SourceDate "2017.12.12"]
[SourceVersionDate "2017.12.12"]

1. c4 c5 2. g3 g6 3. d4 Bg7 4. dxc5 Qa5+ 5. Nd2 Qxc5 6. Bg2 Nf6 7. Ngf3 d6 8.
O-O O-O 9. Rb1 Bf5 10. b4 Qc8 11. Rb3 Bh3 12. Bb2 Bxg2 13. Kxg2 Nbd7 14. Qa1
Nb6 15. Rc1 Qd7 16. b5 Na4 17. Bd4 Nc5 18. Rbb1 Qe6 19. e4 Bh6 20. Bxf6 exf6
21. Qd4 Rfd8 22. Re1 Bg7 23. Qe3 Rac8 24. Nd4 Qe7 25. N4b3 Nxb3 26. Rxb3 Rc5
27. Rd3 f5 28. exf5 Qxe3 29. Rexe3 Rxf5 30. Re7 Bh6 31. Rxb7 Re8 32. Rxa7 Re2
33. Nf3 g5 34. h3 Rb2 1-0

[Event "WA Class Championship"]
[Site "Lynnwood, WA"]
[Date "????.??.??"]
[Round "2"]
[White "Feng, Roland"]
[Black "Kaufman, Ray"]
[Result "1-0"]
[WhiteElo "2471"]
[BlackElo "2352"]
[PlyCount "77"]
[SourceDate "2017.12.12"]
[SourceVersionDate "2017.12.12"]

1. d4 d5 2. c4 e6 3. Nc3 Bb4 4. e3 Ne7 5. a3 Bxc3+ 6. bxc3 c5 7. Bd3 dxc4 8.
Bxc4 Qc7 9. Be2 O-O 10. Nf3 b6 11. O-O Bb7 12. Bb2 Rd8 13. Rc1 Nd7 14. c4 Rac8
15. Qb3 cxd4 16. exd4 Ng6 17. Rfd1 Nf4 18. Bf1 Qc6 19. Rc3 Qe4 20. Re3 Qg6 21.
Ne1 Nf6 22. Rg3 Qh5 23. d5 e5 24. Nf3 Ne4 25. Rxg7+ Kxg7 26. Bxe5+ f6 27. Bxf4
Kh8 28. Bd3 Qg4 29. Be3 Rg8 30. Ne1 Nc5 31. Bxc5 bxc5 32. Qxb7 Rg7 33. Qb1 Re8
34. Bf1 Rge7 35. Nc2 Qf4 36. Ne3 Rg8 37. Qf5 Qd6 38. Qf3 Re5 39. Ng4 1-0

[Event "WA Class Championship"]
[Site "Lynnwood, WA"]
[Date "????.??.??"]
[Round "1"]
[White "Campbell, Tim"]
[Black "Whale, Nicholas"]
[Result "1-0"]
[WhiteElo "1757"]
[BlackElo "1862"]
[PlyCount "69"]
[SourceDate "2018.01.01"]
[SourceVersionDate "2018.01.01"]

1. e4 c5 2. Nf3 Nc6 3. d4 cxd4 4. Nxd4 Nf6 5. Nc3 d6 6. Bc4 e6 7. Be3 Nxe4 8.
Nxe4 d5 9. Bb5 dxe4 10. Nxc6 bxc6 11. Bxc6+ Bd7 12. Bxa8 Qxa8 13. Qd4 a6 14.
O-O-O Qc6 15. Rd2 e5 16. Qxe5+ Be6 17. Rhd1 f6 18. Qa5 Kf7 19. Rd8 g5 20. R1d4
Rg8 21. Qa4 Qb5 22. Qxb5 axb5 23. Rxe4 Bxa2 24. Ree8 Be6 25. Bd4 g4 26. Kd1 Bd5
27. Bxf6 Bxg2 28. Be7 Bf3+ 29. Ke1 Rg6 30. Bxf8 Ra6 31. Kd2 Ra1 32. Re1 Ra2 33.
Ba3 b4 34. Bxb4 Rxb2 35. Rf8+ 1-0

[Event "WA Class Championship"]
[Site "Lynnwood, WA"]
[Date "????.??.??"]
[Round "2"]
[White "Whale, Nicholas"]
[Black "Airapetian, Chouchanik"]
[Result "0-1"]
[WhiteElo "1862"]
[BlackElo "2034"]
[PlyCount "47"]
[SourceDate "2018.01.01"]
[SourceVersionDate "2018.01.01"]

1. e4 d6 2. d4 Nf6 3. Nc3 Nbd7 4. f4 e5 5. Nf3 c6 6. dxe5 dxe5 7. Nxe5 Bb4 8.
Qd4 Bc5 9. Qc4 Qe7 10. Nd3 b5 11. Qb3 Nxe4 12. Ne2 Bb6 13. Bd2 Nxd2 14. Kxd2
Be3+ 15. Ke1 O-O 16. Ne5 Bxf4 17. Nxc6 Qc5 18. Qf3 Bb7 19. Ne7+ Qxe7 20. Qxb7
Qb4+ 21. c3 Qxb2 22. Rd1 Nf6 23. Nxf4 Qxc3+ 24. Rd2 0-1

[Event "WA Class Championship"]
[Site "Lynnwood, WA"]
[Date "????.??.??"]
[Round "1"]
[White "Gross, Alexander"]
[Black "Lopez, Francisco"]
[Result "0-1"]
[WhiteElo "1556"]
[BlackElo "1697"]
[PlyCount "94"]
[SourceDate "2018.01.01"]
[SourceVersionDate "2018.01.01"]

1. d4 c6 2. c4 e6 3. Nc3 d5 4. cxd5 exd5 5. Nf3 f5 6. Bf4 Nf6 7. e3 Bd6 8. Bxd6
Qxd6 9. Qc2 O-O 10. Bd3 Ne4 11. Nd2 Qg6 12. Bxe4 fxe4 13. Rg1 Qh6 14. h3 Nd7
15. Nb3 Nb6 16. O-O-O Be6 17. Nc5 Rf7 18. Rdf1 Raf8 19. Nxe6 Qxe6 20. Qd1 Nc4
21. Qe1 Qe7 22. Ne2 c5 23. Kb1 b6 24. g4 Rf3 25. Rg3 Rxg3 26. Nxg3 g6 27. dxc5
bxc5 28. Qd1 Qb7 29. Qc1 Qb4 30. Rd1 Rxf2 31. Rxd5 Nxb2 32. Ka1 Nd3 33. Rd8+
Kf7 34. Nxe4 Nxc1 35. Nxf2 Qa5 36. Kb1 Qxd8 37. Kxc1 h6 38. Kc2 Qd5 39. Nd3
Qxa2+ 40. Nb2 a5 41. Kc3 a4 42. Nc4 Qb3+ 43. Kd2 Qxc4 44. g5 hxg5 45. h4 gxh4
46. e4 Qd4+ 47. Ke2 Qc3 0-1

[Event "WA Class Championship"]
[Site "Lynnwood, WA"]
[Date "????.??.??"]
[Round "2"]
[White "Kuang, Michael"]
[Black "Henderson, Doug"]
[Result "1-0"]
[WhiteElo "1145"]
[BlackElo "821"]
[PlyCount "55"]
[SourceDate "2018.01.01"]
[SourceVersionDate "2018.01.01"]

1. d4 d5 2. c4 c6 3. Nc3 Nf6 4. Nf3 e6 5. e3 Bd6 6. Be2 O-O 7. O-O Re8 8. Bd2
b6 9. Rc1 c5 10. Nb5 cxd4 11. exd4 Nc6 12. cxd5 Ne7 13. dxe6 Bxe6 14. Ne5 Bxa2
15. b3 a6 16. Nxd6 Qxd6 17. Bc3 Ned5 18. Qc2 Nxc3 19. Qxc3 Rac8 20. Qxc8 Qxd4
21. Qc3 Qxc3 22. Rxc3 Ne4 23. Re3 Bxb3 24. Rxb3 Nd2 25. Re3 Nxf1 26. Kxf1 b5
27. Nc6 Rc8 28. Ne7+ 1-0

[Event "WA Class Championship"]
[Site "Lynnwood, WA"]
[Date "????.??.??"]
[Round "1"]
[White "Mathews, Dan"]
[Black "Hendricks, David"]
[Result "1-0"]
[WhiteElo "1799"]
[BlackElo "1650"]
[PlyCount "99"]
[SourceDate "2018.01.01"]
[SourceVersionDate "2018.01.01"]

1. e4 c5 2. Nf3 e6 3. Be2 Nc6 4. O-O g6 5. c3 Bg7 6. d3 Nge7 7. Be3 b6 8. Qc1
d5 9. Bh6 O-O 10. Bxg7 Kxg7 11. Na3 Ba6 12. Re1 d4 13. c4 e5 14. Qd2 Bc8 15.
Nc2 a5 16. a3 a4 17. Rab1 Na5 18. Na1 f5 19. Nxe5 fxe4 20. dxe4 Nec6 21. Nxc6
Nxc6 22. f3 Ne5 23. f4 Ng4 24. Bxg4 Bxg4 25. g3 Qd7 26. Nc2 d3 27. Ne3 Qd4 28.
Qc3 Qxc3 29. bxc3 Be2 30. Rxe2 dxe2 31. Kf2 Rae8 32. Kf3 e1=Q 33. Rxe1 g5 34.
Nd5 gxf4 35. gxf4 Re6 36. e5 Rh6 37. Rg1+ Kf7 38. f5 Ke8 39. f6 Rg6 40. Rxg6
hxg6 41. Nxb6 Rh8 42. e6 Rh3+ 43. Kg4 Re3 44. Nd5 Kf8 45. Nc7 Rxc3 46. e7+ Kf7
47. e8=Q+ Kxf6 48. Qe6+ Kg7 49. Ne8+ Kh7 50. Qf7+ 1-0

[Event "WA Class Championship"]
[Site "Lynnwood, WA"]
[Date "????.??.??"]
[Round "2"]
[White "Greco, Giovanni"]
[Black "Kou, Jeffrey"]
[Result "0-1"]
[WhiteElo "1327"]
[BlackElo "1203"]
[PlyCount "71"]
[SourceDate "2018.01.01"]
[SourceVersionDate "2018.01.01"]

1. e4 e5 2. Bc4 Bc5 3. Nf3 Nc6 4. c3 Nf6 5. d4 exd4 6. cxd4 Bb4+ 7. Nc3 Nxe4 8.
Qe2 O-O 9. O-O Nxc3 10. Qc2 d5 11. Bd3 Ne4 12. Bxe4 dxe4 13. Qxe4 Re8 14. Qd3
Bg4 15. d5 Bxf3 16. Qxf3 Nd4 17. Qd3 Qxd5 18. a3 Ne2+ 19. Qxe2 Rxe2 20. axb4 a5
21. Be3 Rxb2 22. Rfd1 Qe6 23. Rxa5 Re8 24. Raa1 Rxb4 25. Re1 Re4 26. Rac1 c6
27. Kf1 Qf6 28. Kg1 Qg6 29. Rcd1 f5 30. Rf1 Rg4 31. g3 f4 32. Bc5 Qh5 33. Bd6
f3 34. h4 Qxh4 35. Rfe1 Rc8 36. Re3 0-1

[Event "WA Class Championship"]
[Site "Lynnwood, WA"]
[Date "????.??.??"]
[Round "2"]
[White "Hendricks, David"]
[Black "Szeto, Sophie"]
[Result "0-1"]
[WhiteElo "1650"]
[BlackElo "1445"]
[PlyCount "73"]
[SourceDate "2018.01.01"]
[SourceVersionDate "2018.01.01"]

1. d4 d5 2. Bf4 Nf6 3. e3 Bf5 4. c4 e6 5. Qb3 b6 6. Nc3 Be7 7. Nf3 O-O 8. Rc1
c6 9. cxd5 exd5 10. Ne5 Nfd7 11. Be2 Nxe5 12. dxe5 Be6 13. Qc2 c5 14. Bf3 Na6
15. Rd1 Nc7 16. Qd2 Bg5 17. Nxd5 Nxd5 18. Bxd5 Bxd5 19. Qxd5 Bxf4 20. exf4 Qh4
21. Qe4 Rfd8 22. Ke2 Qg4+ 23. Qf3 Qf5 24. Rhe1 Qc2+ 25. Kf1 Qxb2 26. Rd6 h6 27.
Red1 Qb5+ 28. Kg1 Re8 29. Rd7 c4 30. Qb7 Rf8 31. Rxf7 Rxf7 32. Qxa8+ Kh7 33.
Qe4+ Kg8 34. e6 Rf8 35. e7 Re8 36. Qe6+ Kh7 37. Qf5+ 0-1

[Event "WA Class Championship"]
[Site "Lynnwood, WA"]
[Date "????.??.??"]
[Round "2"]
[White "Fagundes, Frank"]
[Black "Charleston, Scott"]
[Result "1-0"]
[WhiteElo "1712"]
[BlackElo "1673"]
[PlyCount "80"]
[SourceDate "2018.01.01"]
[SourceVersionDate "2018.01.01"]

1. c4 c5 2. g3 g6 3. d4 Bg7 4. dxc5 Qa5+ 5. Nd2 Qxc5 6. Bg2 Nf6 7. Ngf3 d6 8.
O-O O-O 9. Rb1 Bf5 10. b4 Qc8 11. Rb3 Bh3 12. Bb2 Bxg2 13. Kxg2 Nbd7 14. Qa1
Nb6 15. Rc1 Qd7 16. b5 Na4 17. Bd4 Nc5 18. Rbb1 Qe6 19. e4 Bh6 20. Bxf6 exf6
21. Qd4 Rfd8 22. Re1 Bg7 23. Qe3 Rac8 24. Nd4 Qe7 25. N4b3 Nxb3 26. Rxb3 Rc5
27. Rd3 f5 28. exf5 Qxe3 29. Rexe3 Rxf5 30. Re7 Bh6 31. Rxb7 Re8 32. Rxa7 Re2
33. Nf3 g5 34. h3 Rb2 35. Rxd6 g4 36. hxg4 Be3 37. gxf5 Rxf2+ 38. Kh3 Bxa7 39.
b6 Bxb6 40. Rxb6 Rxf3 1-0

[Event "WA Class Championship"]
[Site "Lynnwood, WA"]
[Date "????.??.??"]
[Round "2"]
[White "Truelson, Joseph"]
[Black "Mayer, Jacob"]
[Result "1-0"]
[WhiteElo "2079"]
[BlackElo "1760"]
[PlyCount "79"]
[SourceDate "2018.01.01"]
[SourceVersionDate "2018.01.01"]

1. e4 d5 2. exd5 Qxd5 3. Nc3 Qd6 4. d4 Nf6 5. Bb5+ c6 6. Bc4 g6 7. Nge2 Bg7 8.
Bf4 Qd8 9. Qd2 O-O 10. Bh6 b5 11. Bb3 Re8 12. Bxg7 Kxg7 13. Qf4 Qd6 14. O-O-O
a5 15. a4 b4 16. Nb1 Ba6 17. Qf3 Nbd7 18. Ng3 e6 19. Nd2 Nd5 20. h4 h5 21. Kb1
N7f6 22. Nge4 Qf4 23. Nxf6 Qxf6 24. Bxd5 exd5 25. Qxf6+ Kxf6 26. Rhe1 Re2 27.
Rxe2 Bxe2 28. Re1 Bg4 29. Kc1 Ra7 30. Nb3 Be6 31. Re5 Ke7 32. Kd2 Kd6 33. Nc5
Bc8 34. Re8 Bf5 35. c3 Bd7 36. Rd8 Ke7 37. Rxd7+ Rxd7 38. Nxd7 bxc3+ 39. Kxc3
Kxd7 40. b4 1-0

[Event "WA Class Championship"]
[Site "Lynnwood, WA"]
[Date "????.??.??"]
[Round "3"]
[White "Wei, James"]
[Black "Hendricks, David"]
[Result "1-0"]
[WhiteElo "1605"]
[BlackElo "1650"]
[PlyCount "59"]
[SourceDate "2018.01.01"]
[SourceVersionDate "2018.01.01"]

1. e4 c5 2. Nf3 e6 3. Nc3 Nc6 4. Be2 g6 5. O-O Bg7 6. d3 Nf6 7. Bg5 d6 8. Nd2
h6 9. Bh4 Nd4 10. Nc4 b5 11. Ne3 b4 12. Nb1 g5 13. Bg3 Nxe2+ 14. Qxe2 Nxe4 15.
dxe4 Bxb2 16. Nd2 Bxa1 17. Rxa1 Qf6 18. Rb1 Ke7 19. Bxd6+ Kxd6 20. e5+ Ke7 21.
exf6+ Kxf6 22. Ne4+ Kg7 23. Qf3 f5 24. Nxc5 Rb8 25. Nc4 Re8 26. Qc6 Re7 27. Qd6
Rbb7 28. Nxb7 Rxb7 29. Qd8 Bd7 30. Nd6 1-0

[Event "WA Class Championship"]
[Site "Lynnwood, WA"]
[Date "????.??.??"]
[Round "3"]
[White "Mayer, Jacob"]
[Black "Lewis-Sandy, Joshua"]
[Result "1/2-1/2"]
[WhiteElo "1766"]
[BlackElo "1853"]
[PlyCount "45"]
[SourceDate "2018.01.01"]
[SourceVersionDate "2018.01.01"]

1. e4 c5 2. Nf3 Nc6 3. c4 d6 4. d4 cxd4 5. Nxd4 Nf6 6. Nc3 g6 7. Be3 Ng4 8. Bg5
Qb6 9. Be3 Nxe3 10. fxe3 Qxb2 11. Ndb5 Bg7 12. Rc1 Bg4 13. Rc2 Qxc3+ 14. Nxc3
Bxd1 15. Kxd1 Nb4 16. Rc1 Bxc3 17. Rxc3 Nxa2 18. Rb3 b6 19. Kc2 a5 20. Rxb6 Kd7
21. Rb7+ Ke6 22. g3 Nb4+ 23. Kc3 1/2-1/2

[Event "WA Class Championship"]
[Site "Lynnwood, WA"]
[Date "????.??.??"]
[Round "3"]
[White "Feng, Roland"]
[Black "Truelson, Joseph"]
[Result "1-0"]
[WhiteElo "2471"]
[BlackElo "2079"]
[PlyCount "49"]
[SourceDate "2018.01.01"]
[SourceVersionDate "2018.01.01"]

1. d4 Nf6 2. c4 g6 3. Nc3 Bg7 4. Nf3 O-O 5. Bg5 c5 6. d5 d6 7. h3 h6 8. Bf4 g5
9. Bh2 Bf5 10. Nd2 Qa5 11. g4 Bg6 12. Bg2 Na6 13. O-O h5 14. gxh5 Bxh5 15. f4
gxf4 16. Rxf4 Bh6 17. Rxf6 exf6 18. Nde4 Kh8 19. Qe1 Bg5 20. Nxg5 fxg5 21. Bxd6
Rfe8 22. Qg3 Qd8 23. Rf1 f6 24. Ne4 Bxe2 25. Rxf6 1-0

[Event "WA Class Championship"]
[Site "Lynnwood, WA"]
[Date "????.??.??"]
[Round "1"]
[White "Wei, James"]
[Black "Fagundes, Frank"]
[Result "0-1"]
[WhiteElo "1647"]
[BlackElo "1712"]
[PlyCount "94"]
[SourceDate "2018.01.02"]
[SourceVersionDate "2018.01.02"]

1. e4 c5 2. Nf3 d6 3. d4 cxd4 4. Nxd4 Nf6 5. Nc3 a6 6. Be2 Nc6 7. O-O e5 8. Nb3
Be7 9. Bg5 Be6 10. Re1 h6 11. Bh4 O-O 12. Qd2 Qc7 13. Bxf6 Bxf6 14. Nd5 Bxd5
15. exd5 Ne7 16. c4 Bg5 17. Qd3 f5 18. c5 e4 19. Qg3 f4 20. Qg4 Nf5 21. f3 Rae8
22. cxd6 Qxd6 23. fxe4 Ne3 24. Qf3 Nc2 25. Rac1 Nxe1 26. Rxe1 Bf6 27. Rb1 Qb6+
28. Kh1 a5 29. Nd2 a4 30. Nc4 Qc5 31. Rd1 b5 32. Na3 Bxb2 33. Nxb5 Rb8 34. Qd3
Rfd8 35. Qc4 Qf2 36. Rf1 Qe3 37. d6+ Kh8 38. Qd3 Qc5 39. Qc4 Qe3 40. Qd3 Qb6
41. Rb1 Be5 42. Rd1 Qc5 43. Qd5 Qc2 44. Qxe5 Qxe2 45. Nc3 Qc2 46. Qd4 Rb2 47.
Rg1 f3 0-1

[Event "WA Class Championship"]
[Site "Lynnwood, WA"]
[Date "????.??.??"]
[Round "3"]
[White "Bhoot, Nilay"]
[Black "Fobian, Christian"]
[Result "1-0"]
[WhiteElo "1026"]
[BlackElo "658"]
[PlyCount "46"]
[SourceDate "2018.01.02"]
[SourceVersionDate "2018.01.02"]

1. c4 e6 2. Nc3 Nf6 3. g3 Bb4 4. Bg2 O-O 5. Nf3 c6 6. Qc2 d5 7. cxd5 cxd5 8.
O-O Nc6 9. a3 Bd6 10. d3 a6 11. Bd2 b5 12. b4 Qc7 13. Rab1 Bb7 14. Be3 e5 15.
Bg5 Be7 16. Bxf6 Bxf6 17. Nxd5 Nd4 18. Nxf6+ Kh8 19. Qxc7 Nxe2+ 20. Kh1 Bxf3
21. Bxf3 Rac8 22. Qxe5 gxf6 23. Qxf6+ Kg8 1-0

[Event "WA Class Championship"]
[Site "Lynnwood, WA"]
[Date "????.??.??"]
[Round "2"]
[White "Lee, Addison"]
[Black "Feng, Roland"]
[Result "0-1"]
[WhiteElo "1991"]
[BlackElo "2471"]
[PlyCount "73"]
[SourceDate "2018.01.02"]
[SourceVersionDate "2018.01.02"]

1. d4 Nf6 2. Nf3 e6 3. g3 Be7 4. Bg2 O-O 5. O-O d5 6. c4 dxc4 7. Nc3 c5 8. dxc5
Qa5 9. Qd4 Nc6 10. Qxc4 Qxc5 11. Qxc5 Bxc5 12. Bg5 Bd7 13. Rfd1 Rfd8 14. Rac1
Be7 15. Bf4 Rac8 16. Ne5 Nxe5 17. Bxe5 Ng4 18. Bd4 b6 19. h3 Nh6 20. e4 f6 21.
Be3 Nf7 22. Ne2 Rxc1 23. Rxc1 Bd6 24. Bf4 Ne5 25. Rd1 Bc7 26. Nd4 Kf7 27. Bxe5
fxe5 28. Nc2 Ke7 29. Ne3 b5 30. Bf1 Bb6 31. Rc1 Rf8 32. Kg2 Kd6 33. Bd3 a5 34.
Rc2 Bd4 35. Nd1 Bc6 36. Nc3 b4 37. Nb5+ 0-1

[Event "WA Class Championship"]
[Site "Lynnwood, WA"]
[Date "????.??.??"]
[Round "3"]
[White "Whale, Nicholas"]
[Black "Lee, Addison"]
[Result "1-0"]
[WhiteElo "1862"]
[BlackElo "1991"]
[PlyCount "69"]
[SourceDate "2018.01.02"]
[SourceVersionDate "2018.01.02"]

1. e4 e5 2. Nf3 Nc6 3. Bb5 a6 4. Ba4 Nf6 5. O-O Be7 6. d3 b5 7. Bb3 O-O 8. c3
d5 9. exd5 Nxd5 10. h3 Kh8 11. Re1 Bf6 12. Be3 Nxe3 13. Rxe3 Bf5 14. Qe2 Bg6
15. Nbd2 Re8 16. Re1 Qd7 17. d4 h6 18. dxe5 Bxe5 19. Nh4 Red8 20. Nxg6+ fxg6
21. Nf3 Bf6 22. Bc2 Qf7 23. Bb3 Qf8 24. Re6 Rd6 25. Bc2 Kh7 26. Qe4 Rxe6 27.
Qxg6+ Kg8 28. Rxe6 Ne7 29. Qh7+ Kf7 30. Bb3 Rd8 31. Qe4 Ke8 32. Qc6+ Rd7 33.
Qa8+ Rd8 34. Qxa6 Bh4 35. Qxb5+ 1-0

[Event "WA Class Championship"]
[Site "Lynnwood, WA"]
[Date "????.??.??"]
[Round "3"]
[White "Buchignani, Paul"]
[Black "Pogrebinsky, Ethan"]
[Result "1-0"]
[WhiteElo "1378"]
[BlackElo "1486"]
[PlyCount "69"]
[SourceDate "2018.01.03"]
[SourceVersionDate "2018.01.03"]

1. e4 e5 2. Nf3 Nc6 3. d4 exd4 4. Bc4 h6 5. O-O Bc5 6. c3 d6 7. cxd4 Bb6 8. Nc3
Qf6 9. Be3 Bg4 10. Nd5 Qg6 11. Nxb6 axb6 12. Re1 Nge7 13. Bf4 O-O 14. Bg3 Bxf3
15. Qxf3 Nxd4 16. Qc3 c5 17. Bxd6 Qxd6 18. Rad1 Nec6 19. a3 Ne7 20. e5 Qg6 21.
Rd3 Nef5 22. Bd5 Rab8 23. Qc4 Rfd8 24. Be4 b5 25. Qxc5 Rbc8 26. Qa7 Qa6 27.
Qxb7 Qxb7 28. Bxb7 Rc2 29. Be4 Ne7 30. Rxd4 Rxd4 31. Bxc2 Rd2 32. Rc1 Nc6 33.
Be4 Nxe5 34. Rc8+ Rd8 35. Rxd8# 1-0